000
00188nam a2200073Ia 4500
008
170817s9999 xx 000 0 und d
100
_a
NCERT
245
0
_a
FORTH SURVEY OF EDUCATIONAL RESEARCH 2(1983-88)
260
_b
NRERT
999
_c
37312
_d
37312